| 000 | 00588nam a22001577a 4500 | ||
|---|---|---|---|
| 003 | NUST | ||
| 038 | _aNusrat Nadeem | ||
| 082 | _a200 | ||
| 100 |
_aAkbar Muhammad Awais _9131635 |
||
| 245 |
_aIntegrated-decision support system (DSS) for risk identification and mitigation in manufacturing industry for zero-defect manufacturing (ZDM)/ _cMuhammad Awais Akbar |
||
| 264 |
_aIslamabad: _bCEME NUST. _c2025. |
||
| 650 |
_aPhD-Engineering Management _9124516 |
||
| 700 | _aSupervisor: Dr. Afshan Naseem | ||
| 856 | _uhttp://10.250.8.41:8080/xmlui/handle/123456789/54786 | ||
| 942 |
_2ddc _cSC |
||
| 999 |
_c615266 _d615266 |
||